Foods UK and USA call different names - Statistics

General Stats
  • This quiz has been taken 951 times
  • The average score is 8 of 12
Answer Stats
Hint Answer % Correct
Crisps Chips
92%
Chips Fries
92%
Biscuit Cookie
90%
Sweets Candy
87%
Aubergine Eggplant
80%
Candy Floss Cotton Candy
66%
Ice Lolly Popsicle
58%
Jelly Jell-o
55%
Courgette Zucchini
49%
Pudding Dessert
47%
Corriander Cilantro
33%
Broad Bean Fava Bean
11%
No matching quizzes found
Score Distribution
Percent of People with Each Score
Percentile by Number Answered
Your Score History
You have not taken this quiz